000 00328nam a2200121Ia 4500
005 20251222143138.0
008 251222s9999||||xx |||||||||||||| ||spa||
082 _a657.3/F64N
100 _aFlores Soria, Jaime
245 0 _aEstados Financieros:
264 _bCentro de Especialización en Contabilidad y Finanzas
942 _cLIB
999 _c12177
_d12177